[Event "ALB-ch"]
[Site "Tirana"]
[Date "2020.10.22"]
[Round "6"]
[White "Kaci, Zamir"]
[Black "Harusha, Erjon"]
[Result "0-1"]
[WhiteElo "1914"]
[BlackElo "2033"]
[PlyCount "96"]
[EventDate "2020.10.17"]
[EventType "tourn"]
[EventRounds "7"]
[EventCountry "ALB"]
[SourceTitle "EXT 2022"]
[Source "ChessBase"]
[SourceDate "2021.10.06"]
[SourceVersion "1"]
[SourceVersionDate "2021.10.06"]
[SourceQuality "1"]

1. d4 Nf6 2. Bf4 d5 3. e3 e6 4. Nf3 Bd6 5. Bg3 0-0 6. Bd3 c5 7. c3 Qc7 8. Nbd2 Nbd7 9. Rc1 Bxg3 10. hxg3 e5 11. Nxe5 Nxe5 12. Bxh7+ Nxh7 13. Qh5 Nd3+ 14. Kf1 f5 15. Qxh7+ Kf7 16. Rb1 Qb6 17. Ke2 c4 18. Nf3 Qg6 19. Qh4 Bd7 20. Ng5+ Ke8 21. f4 Bc6 22. g4 Bd7 23. b3 b6 24. gxf5 Qxf5 25. Nf3 Qg4 26. Qxg4 Bxg4 27. Rh4 Bf5 28. Rg1 Ke7 29. g4 Be4 30. bxc4 dxc4 31. Nd2 Bd5 32. Rh5 Bf7 33. Rh7 Rh8 34. Rxg7 Rh2+ 35. Kd1 Kf8 36. Rg5 Be8 37. Rf5+ Ke7 38. Re5+ Nxe5 39. fxe5 Ba4+ 40. Kc1 Rf8 41. Ne4 Rxa2 42. Kb1 Re2 43. Nf6 Rxf6 44. exf6+ Kxf6 45. Rg3 Bc6 46. Kc1 Kg5 47. Rh3 Be4 48. Rh8 Kxg4 0-1

[Event "ALB-ch"]
[Site "Tirana"]
[Date "2020.10.19"]
[Round "3"]
[White "Harusha, Erjon"]
[Black "Pasko, Llambi"]
[Result "0-1"]
[WhiteElo "2033"]
[BlackElo "2412"]
[PlyCount "138"]
[EventDate "2020.10.17"]
[EventType "tourn"]
[EventRounds "7"]
[EventCountry "ALB"]
[SourceTitle "EXT 2022"]
[Source "ChessBase"]
[SourceDate "2021.10.06"]
[SourceVersion "1"]
[SourceVersionDate "2021.10.06"]
[SourceQuality "1"]

1. e4 c6 2. d4 d5 3. e5 Bf5 4. Be2 e6 5. Nf3 Nd7 6. 0-0 h6 7. Nbd2 Ne7 8. Nb3 Bg6 9. a4 Nf5 10. a5 Be7 11. g4 Nh4 12. Nxh4 Bxh4 13. f4 f5 14. Bd3 0-0 15. Be3 Be7 16. Kh1 Qe8 17. Rg1 h5 18. gxf5 Bxf5 19. Bxf5 Rxf5 20. Rg3 Nf8 21. Qg1 g5 22. fxg5 Ng6 23. Rf1 Qf7 24. Rxf5 Qxf5 25. Qf2 Nh4 26. Qxf5 Nxf5 27. Rf3 Kg7 28. Nc5 Bxc5 29. dxc5 Rf8 30. Kg1 Nh4 31. Rxf8 Kxf8 32. Kf2 Kf7 33. Kg3 Nf5+ 34. Kf4 Ne7 35. Bd4 Ng6+ 36. Kg3 a6 37. b3 Kg7 38. c3 Kh7 39. Kf3 Nh8 40. Kf4 Kg6 41. Bf2 h4 42. Bxh4 Kh5 43. Bg3 Ng6+ 44. Ke3 Kxg5 45. Kd4 Ne7 46. Kd3 Kg4 47. Be1 Kh3 48. Ke3 Kxh2 49. Kf4 Ng6+ 50. Kg5 Nxe5 51. Kf6 Nd3 52. Kxe6 Nxe1 53. Kd7 Nd3 54. b4 Nxb4 55. Kc7 Na2 56. Kxb7 Nxc3 57. Kxa6 d4 58. Kb6 d3 59. a6 Nb5 60. Kxc6 d2 61. Kxb5 d1Q 62. c6 Qd8 63. a7 Kg3 64. Ka6 Qc8+ 65. Kb6 Kf4 66. a8Q Qxa8 67. Kc7 Ke5 68. Kd7 Kd5 69. c7 Qc6+ 0-1

[Event "ALB-ch"]
[Site "Tirana"]
[Date "2020.10.17"]
[Round "1"]
[White "Harusha, Erjon"]
[Black "Shuqja, Klean"]
[Result "1/2-1/2"]
[WhiteElo "2033"]
[BlackElo "1838"]
[PlyCount "88"]
[EventDate "2020.10.17"]
[EventType "tourn"]
[EventRounds "7"]
[EventCountry "ALB"]
[SourceTitle "EXT 2022"]
[Source "ChessBase"]
[SourceDate "2021.10.06"]
[SourceVersion "1"]
[SourceVersionDate "2021.10.06"]
[SourceQuality "1"]

1. e4 e6 2. d4 d5 3. Nd2 dxe4 4. Nxe4 Nd7 5. Nf3 Ngf6 6. Nxf6+ Nxf6 7. g3 b6 8. Bg2 Bb7 9. 0-0 Be7 10. Qe2 0-0 11. Rd1 Qc8 12. c4 Re8 13. Be3 c5 14. Rac1 Qc7 15. h3 Rad8 16. a3 a5 17. Ne5 Bxg2 18. Kxg2 Bd6 19. Nd3 Qc6+ 20. Qf3 Qc7 21. dxc5 bxc5 22. b4 axb4 23. axb4 Nd7 24. b5 Nb6 25. g4 Ra8 26. Qe4 Rec8 27. h4 Qe7 28. h5 h6 29. Ra1 f5 30. gxf5 exf5 31. Qxf5 Nxc4 32. Rxa8 Qb7+ 33. Kg1 Rxa8 34. Bxc5 Bxc5 35. Nxc5 Qf7 36. Qxf7+ Kxf7 37. Rd7+ Kf6 38. Rd4 Ne5 39. Rd6+ Kg5 40. Rd5 Kf4 41. Ne6+ Ke4 42. Rc5 Nf3+ 43. Kg2 Ne1+ 44. Kf1 Nd3 1/2-1/2